000 00649nam a22001817a 4500
999 _c194508
_d194508
005 20221227110208.0
010 _aENG-135946
020 _a9789354792328
_c550.00
035 _aEN-119478
037 _bDBAD/PUB
082 _a174.4
100 _aCullen, John G.
245 _aBusiness, Ethics and Society:
_bKey, Concepts, Current Debates and Contemporary Innovations/
_cJohn G. Cullen
260 _aNew Delhi
_bSage Publication India Pvt Ltd
_c2022
270 _aB-1/I-I Mohan Cooperative Industrial Area Mathura Road
_bNew Delhi
_e110044
300 _axix, 242p.
_bReferences, Index
_c24cm(pbk)
942 _2ddc
_cEN
_mCUL
_h174.4